Schaum's outline of theory and problems of electric circuits (Record no. 15876)

000 -LEADER
fixed length control field 00535nam a22001937a 4500
001 - CONTROL NUMBER
control field 15876
003 - CONTROL NUMBER IDENTIFIER
control field BD-DhUET
008 - FIXED-LENGTH DATA ELEMENTS--GENERAL INFORMATION
fixed length control field 150316b xxu||||| |||| 00| 0 eng d
040 ## - CATALOGING SOURCE
Original cataloging agency DLC
Transcribing agency DLC
Modifying agency BD-DhUET
082 ## - DEWEY DECIMAL CLASSIFICATION NUMBER
Classification number 623.01
Item number EDM/1965
100 ## - MAIN ENTRY--PERSONAL NAME
Personal name Edminister, Joseph A.
245 ## - TITLE STATEMENT
Title Schaum's outline of theory and problems of electric circuits
250 ## - EDITION STATEMENT
Edition statement 1st ed.
260 ## - PUBLICATION, DISTRIBUTION, ETC. (IMPRINT)
Place of publication, distribution, etc. New York
Name of publisher, distributor, etc. McGraw-Hill Book
Date of publication, distribution, etc. 1965
300 ## - PHYSICAL DESCRIPTION
Extent 289p.
490 ## - SERIES STATEMENT
Series statement Schaum's outline series
650 #0 - SUBJECT ADDED ENTRY--TOPICAL TERM
Topical term or geographic name as entry element Circuits : Electric : Engineering
942 ## - ADDED ENTRY ELEMENTS (KOHA)
Koha item type General Book
Holdings
Withdrawn status Source of classification or shelving scheme Lost status Sublocation or collection (holding branch) Not for loan Damaged status Piece designation (barcode) Koha normalized classification for sorting Koha item type Price effective from Koha date last seen Date acquired Koha full call number Copy number Location (home branch) Shelving location
   Central Library, BUET  14804623_010000000000000_EDM_1965General Book2015-03-162015-03-162015-03-16623.01/EDM/19651Central Library, BUETCirculation section
   Central Library, BUET  36080623_010000000000000_EDM_1965General Book2015-03-162015-03-162015-03-16623.01/EDM/19652Central Library, BUETCirculation section
   Central Library, BUET  9603623_010000000000000_EDM_1965General Book2015-04-252015-04-252015-04-25623.01/EDM/19653Central Library, BUETCirculation section
   Central Library, BUET  9604623_010000000000000_EDM_1965General Book2015-04-252015-04-252015-04-25623.01/EDM/19654Central Library, BUETCirculation section
   Central Library, BUET  14806623_010000000000000_EDM_1965General Book2015-04-252015-04-252015-04-25623.01/EDM/19655Central Library, BUETCirculation section
   Central Library, BUET  14808623_010000000000000_EDM_1965Reading Item2015-06-292015-06-292015-06-29623.01/EDM/19656Central Library, BUETReading section
   Central Library, BUET  9606623_010000000000000_EDM_1965Reading Item2015-07-022015-07-022015-07-02623.01/EDM/19657Central Library, BUETReading section